Southville International School and Colleges
Your cart is empty.
  • Cart
  • Lists
    Public lists Eva Luna New books Lux_list list_1
    Your lists Log in to create your own lists
  • Log in to your account
  • Your cookies
  • Search history
Southville International School and Colleges
  • Advanced search
  • Recent comments
  • Most popular
  • Libraries

Log in to your account

Log in with GOOGLE


If you do not have an external account, but do have a local account, you can still log in:

  1. Home
  2. MARC view: Mixed methods social network analysis : theories and methodologies in learning and education
Normal view MARC view ISBD view

Mixed methods social network analysis : theories and methodologies in learning and education (Record no. 365284)

[ view plain ]
MARC details
000 -LEADER
fixed length control field 00684nam a22001937a 4500
003 - CONTROL NUMBER IDENTIFIER
control field 0
005 - DATE AND TIME OF LATEST TRANSACTION
control field 20230912145154.0
008 - FIXED-LENGTH DATA ELEMENTS--GENERAL INFORMATION
fixed length control field 230912b xxu||||| |||| 00| 0 eng d
020 ## - INTERNATIONAL STANDARD BOOK NUMBER
International Standard Book Number 978-0-367-17445-3
050 ## - LIBRARY OF CONGRESS CALL NUMBER
Classification number H 62
Item number .M59 2020
245 ## - TITLE STATEMENT
Title Mixed methods social network analysis : theories and methodologies in learning and education
Statement of responsibility, etc edited by Dominik E. Froehlich
260 ## - PUBLICATION, DISTRIBUTION, ETC. (IMPRINT)
Place of publication, distribution, etc London
Name of publisher, distributor, etc Routledge
Date of publication, distribution, etc c2020.
300 ## - PHYSICAL DESCRIPTION
Extent x, 280 pages ;
Dimensions 23cm.
500 ## - GENERAL NOTE
General note Social sciences--research--methodologies.
504 ## - BIBLIOGRAPHY, ETC. NOTE
Bibliography, etc Includes bibliographical references and index.
650 ## - SUBJECT ADDED ENTRY--TOPICAL TERM
Topical term or geographic name as entry element Social sciences--research--methodologies.
650 ## - SUBJECT ADDED ENTRY--TOPICAL TERM
Topical term or geographic name as entry element Internet research.
942 ## - ADDED ENTRY ELEMENTS (KOHA)
Source of classification or shelving scheme Library of Congress Classification
Koha item type Books
Holdings
Withdrawn status Lost status Source of classification or shelving scheme Damaged status Home library Current library Shelving location Date acquired Source of acquisition Sub Shelving location Total Checkouts Full call number Barcode Date last seen Price effective from Koha item type
    Library of Congress Classification   College Library College Library Reserve Section 09/12/2023 Library Fund     H 62 .M59 2020 C22992 09/12/2023 09/12/2023 Books

Mixed methods social network analysis : theories and methodologies in learning and education

APA

(2020). Mixed methods social network analysis : theories and methodologies in learning and education. London: Routledge.

Chicago

2020. Mixed methods social network analysis : theories and methodologies in learning and education. London: Routledge.

Harvard

(2020). Mixed methods social network analysis : theories and methodologies in learning and education. London: Routledge.

MLA

Mixed methods social network analysis : theories and methodologies in learning and education. London: Routledge. 2020.

  • Place hold
  • Print
  • Cite
  • Add to your cart (remove)
  • Save record
    BIBTEX Dublin Core MARCXML MARC (non-Unicode/MARC-8) MARC (Unicode/UTF-8) MARC (Unicode/UTF-8, Standard) MODS (XML) RIS
  • More searches
    Search for this title in:
    Other Libraries (WorldCat) Other Databases (Google Scholar) Online Stores (Bookfinder.com) Open Library (openlibrary.org)

Exporting to Dublin Core...

SOUTHVILLE LIBRARY

Southville International School and Colleges Library

1281 Tropical Ave. Cor. Luxembourg St., BF Homes International, Las Pinas City

Tel. No. 8256374 / 252358 Loc. 117/146

Powered by Koha